000 00925cad a22002175a 4500
001 L155078
008 120228s2012 xxk f 000 0 eng d
035 _a(Sirsi) u155078
041 0 _aeng
110 2 _aBritish Standards Institution
_9130
245 0 0 _aDelivering what the industry needs
_ba report on BSI's key construction sector outputs in 2011
_h[electronic resource]
260 _aLondon
_bBSI
_c2012
520 _aSummarises the wide range of construction standards published in 2011 including the development of major new standards in the areas of sustainability and procurement.
590 _aKA
651 4 _aUnited Kingdom
_y
690 _aSustainability
_96271
690 _aProcurement-old
690 _aConstruction management
_96230
856 4 0 _uhttps://shop.bsigroup.com/upload/Chris%20E/Construction%20standards%20report%20for%202011.pdf
_zView this item free of charge at bsigroup.com
942 _n0
999 _c113311
_d113311